| 000 -ლიდერი |
| ფიქსირებული სიგრძის საკონტროლო ველი |
01710nam a2200289Ia 4500 |
| 001 - საკონტროლო ნომერი |
| საკონტროლო ველი |
16293 |
| 003 - საკონტროლო ნომრის იდენტიფიკატორი |
| საკონტროლო ველი |
GE_BSU |
| 005 - ბოლო ოპერაციის თარიღი და დრო |
| საკონტროლო ველი |
20211125135401.0 |
| 008 - ფიქსირებული სიგრძის მონაცემთა ელემენტები - ზოგადი ინფორმაცია |
| ფიქსირებული სიგრძის საკონტროლო ველი |
181216s2009||||ge |||||||||||||| ||geo|| |
| 020 ## - წიგნის საერთაშორისო სტანდარტული ნომერი |
| International Standard Book Number |
9789941908590 |
| 040 ## - კატალოგიზაციის წყარო |
| Transcribing agency |
GE_BSU |
| 041 ## - ენის კოდი |
| Language code of text/sound track or separate title |
geo |
| 080 ## - უნივერსალური ათობითი კლასიფიკაციის ინდექსი |
| Universal Decimal Classification number |
341.231.14 ტ-77 |
| 100 ## - მთავარი ჩანაწერი - პიროვნების სახელი |
| Personal name |
ტრექსელი, შტეფან |
| 9 (RLIN) |
13047 |
| 245 ## - ცნობა სათაურის შესახებ |
| Title |
ადამიანის უფლებები სისხლის სამართლის პროცესში |
| Statement of responsibility, etc |
შტეფან ტრექსელი სარა ჯ. სამერსის დახმარებით ; [მთარგმნ.: ვანო გოგელია [და სხვ.] ; სარედ. კოლ.: კონსტანტინე ვარძელაშვილი [და სხვ.]]. |
| 264 ## - წარმოების, გამოცემის, დისტრიბუციის და სხვა ცნობები |
| გამოცემის, წარმოების, დისტრიბუციის... ადგილი |
თბილისი : |
| გამოცემის, წარმოების, დისტრიბუციის... სახელწოდება |
საქ. საკონსტიტუციო სასამართლო, |
| გამოცემის, წარმოების, დისტრიბუციის... თარიღი |
2009. |
| 300 ## - ფიზიკური აღწერა |
| Extent |
639 გვ.; |
| Other physical details |
24 სმ. |
| 504 ## - BIBLIOGRAPHY, ETC. NOTE |
| Bibliography, etc |
ბიბლიოგრ. ტექსტ. შენიშვნ. |
| 653 ## - INDEX TERM--UNCONTROLLED |
| Uncontrolled term |
ადამიანის უფლებები |
| 653 ## - INDEX TERM--UNCONTROLLED |
| Uncontrolled term |
სისხლის სამართლის პროცესი |
| 700 ## - ADDED ENTRY--PERSONAL NAME |
| Personal name |
სამერსი, სარა ჯ. |
| Relator term |
ავტორი |
| 9 (RLIN) |
13048 |
| 700 ## - ADDED ENTRY--PERSONAL NAME |
| Personal name |
გოგელია, ვანო |
| Relator term |
მთარგმნელი |
| 9 (RLIN) |
13049 |
| 700 ## - ADDED ENTRY--PERSONAL NAME |
| Personal name |
ლომთათიძე, ეკა და სხვ. |
| Relator term |
მთარგმნელი |
| 9 (RLIN) |
13050 |
| 700 ## - ADDED ENTRY--PERSONAL NAME |
| Personal name |
ვარძელაშვილი, კონსტანტინე და სხვ. |
| Relator term |
რედაქტორი |
| 9 (RLIN) |
13051 |
| 942 ## - ADDED ENTRY ELEMENTS (KOHA) |
| Koha item type |
წიგნი |
| Source of classification or shelving scheme |
|